Marcos Regulatr̤ios da Inds︢tria Mundial do Petrl̤eo

Bibliographic Details
Main Author: Tiomno Tolmasquim, Mauricio
Other Authors: Pinto Junior, Helder Queiroz
Format: eBook
Language:Portuguese
Published: Rio de Janeiro: Synergia Editora, 2011
Subjects:
Online Access:Acceso restringido

MARC

LEADER 00000nam a22000007a 4500
005 20190820001526.0
007 cr|||| ||||
008 190820s2011 br |||||s|||| 00||0 por d
020 |a 978-85-61325-64-0 
035 |a 24136 
040 |a vLex 
090 |c 9250  |d 9250 
100 1 |a Tiomno Tolmasquim, Mauricio 
245 1 0 |a Marcos Regulatr̤ios da Inds︢tria Mundial do Petrl̤eo  |h [Recurso electrn̤ico] /  |c Mauricio Tiomno Tolmasquim, Helder Queiroz Pinto Junior 
256 |a Servicio en ln̕ea 
260 |a Rio de Janeiro:  |b Synergia Editora,  |c 2011 
300 |a 1 recurso electrn̤ico 
500 |a No Brasil, a necessidade de mudanȧ no sistema regulatr̤io comeȯu a se revelar a partir da descoberta do campo gigante de Lula (na r̀ea de Tupi na Bacia de Santos), em julho de 2007, pela Petrobras. Alm̌ do campo de Lula, as exploraė̳s na regiô permitiram identificar a ocorrn̊cia de diversos outros campos gigantes, como Guar,̀ Cernambi, Iara, Franco e Libra. Todas essas descobertas se localizam sob uma extensa camada de sal, que perpassa o litoral do Estado do Espr̕ito Santo at ̌Santa Catarina, ao longo de mais de 800 km de extensô por at ̌200 km de largura, e profundidade de 5.000 a 7.000 metros. As descobertas do pr-̌sal encontram-se entre as maiores das l︢timas trs̊ dčadas, colocando o Brasil, a mďio prazo, entre os principais pas̕es produtores de petrl̤eo e gs̀ natural no mundo. As expectativas geradas na inds︢tria mundial de petrl̤eo sô similares as que foram registradas aps̤ a descoberta do campo de Kashagan, no Cazaquistô, em 2000. As descobertas do pr-̌sal exigiram a redefiniȯ̂ pelo Estado Brasileiro, ̉luz das liė̳s extrad̕as da anl̀ise da experin̊cia internacional, de seu marco regulatr̤io a fim de adequar o ritmo de exploraȯ̂ e de produȯ̂ desta riqueza, bem como das condiė̳s de exportaȯ̂ e dos recursos financeiros, tecnolg̤icos, de equipamentos e humanos necessr̀ios ao desenvolvimento desse potencial petrolf̕ero.Este livro aborda os aspectos conceituais dos Sistemas Regulatr̤ios de E & P de petrl̤eo e gs̀ natural, de forma inďita no Brasil. Analisa, tambm̌, as experin̊cias dos pas̕es com forte inserȯ̂ na inds︢tria mundial de petrl̤eo, propiciando ao leitor uma melhor compreensô das mudanȧs institucionais ocorridas em nosso pas̕ e aponta para os desafios que as geraė̳s atuais e futuras enfrentarô para usufruir os benefc̕ios dessa nova riqueza. 
506 1 |a Disponible solo en los productos indicados  |d vLex Global  |d vLex Global (Academic Edition, excluding Law Schools)  |d vLex Global (U.S. Academic Edition, Law Schools)  |d vLex Global (U.S. Academic Edition, excluding Law Schools)  |d vLex Global (Academic Edition, Law Schools) 
650 0 4 |a Energa̕  |z Brasil 
650 0 4 |a Recursos y sanciones  |z Brasil 
700 1 |a Pinto Junior, Helder Queiroz 
740 0 |a vLex Libros (Servicio en ln̕ea) 
856 4 0 |u http://vlex.com/source/marcos-regulatorios-da-industria-mundial-do-petroleo-24136  |z Acceso restringido 
942 |c BOOK 
999 0 |a Energy 
999 0 |a Resources and penalties